Equipos de la Copa del Mundo 2026 - Statistics

General Stats
  • This quiz has been taken 63 times
  • The average score is 21 of 48
Answer Stats
Hint Answer % Correct
Anfitrión (2 sedes) Canadá
92%
Anfitrión (3 sedes) México
92%
Conmebol (5.º puesto) Brasil
89%
Anfitrión (11 sedes) Estados Unidos de América
89%
Conmebol (1er puesto) Argentina
84%
Conmebol (3er puesto) Colombia
68%
UEFA (Ganador Grupo F) Portugal
68%
UEFA (Ganador Grupo K) Inglaterra
59%
Conmebol (4.º puesto) Uruguay
59%
UEFA (Ganador Grupo E) España
57%
UEFA (Ganador Grupo D) Francia
57%
UEFA (Ganador Grupo A) Alemania
49%
CAF (Ganador Grupo E) Marruecos
49%
UEFA (Ganador Grupo I) Noruega
49%
AFC (Gan. Grupo C IIIª ronda) Japón
46%
CAF (Ganador Grupo B) Senegal
46%
Conmebol (2.º puesto) Ecuador
43%
UEFA (Ganador Grupo C) Escocia
43%
AFC (2.º Grupo C IIIª ronda) Australia
41%
UEFA (Ganador Grupo J) Bélgica
41%
CAF (Ganador Grupo D) Cabo Verde
41%
AFC (Gan. Grupo A IIIª ronda) Irán
41%
Conmebol (6.º puesto) Paraguay
41%
UEFA (Gan. Ruta D) Suecia
41%
UEFA (Ganador Grupo H) Austria
38%
CAF (Ganador Grupo I) Ghana
38%
Concacaf (Gan. Grupo A) Panamá
38%
CAF (Ganador Grupo C) Sudáfrica
38%
UEFA (Ganador Grupo B) Suiza
38%
UEFA (Gan. Ruta C) Turquía
38%
CAF (Ganador Grupo A) Egipto
35%
Concacaf (Gan. Grupo C) Haití
35%
UEFA (Ganador Grupo G) Países Bajos
35%
AFC (Gan. Grupo B IVª ronda) Arabia Saudita
32%
UEFA (Gan. Ruta A) Bosnia y Herzegovina
32%
AFC (Gan. Grupo B IIIª ronda) Corea del Sur
32%
UEFA (Ganador Grupo L) Croacia
32%
Concacaf (Gan. Grupo B) Curazao
32%
OFC (Ganador) Nueva Zelanda
32%
CAF (Ganador Grupo G) Argelia
30%
AFC (Repechaje int.) Irak
30%
CAF (Ganador Grupo H) Túnez
27%
UEFA (Gan. Ruta B) República Checa
24%
AFC (2.º Grupo A IIIª ronda) Uzbekistán
22%
AFC (Gan. Grupo A IVª ronda) Catar
19%
CAF (Ganador Grupo F) Costa de Marfil
19%
AFC (2.º Grupo B IIIª ronda) Jordania
19%
CAF (Repechaje int.) República Democrática del Congo
19%
No matching quizzes found
Score Distribution
Percent of People with Each Score
Percentile by Number Answered
Your Score History
You have not taken this quiz